000 00544nam a2200181 4500
001 127645
003 ES-MaACL
005 20230906193044.0
007 t|
008 070214s1961 sp r ||||1| spa d
100 1 _aRiquelme Sánchez, Manuel.
_997449
245 1 0 _aAprestos y acabados de fibras textiles /
_cRiquelme, Manich.
250 _a3ª ed. corr. y aum.
260 _aBarcelona :
_bDalmau y Jover,
_c1961.
300 _a558 p. :
_bil. ;
_c23 cm.
700 1 _aManich Oliva, Alberto.
_976026
852 _aES-MaACL
_jC-21268
_bR.49633
999 _c127645
_d127645